| 000 | 00796nam a2200241 a 4500 | ||
|---|---|---|---|
| 001 | BRL_769 | ||
| 005 | 20190320210904.0 | ||
| 008 | 041013s1987----mx-d######---#000-0#spa-# | ||
| 041 | _aspa | ||
| 044 | _amx | ||
| 050 | 4 |
_aF1386.L5 _b.I59 1987 |
|
| 100 | 1 |
_aInzúa Canales, Victor _924889 |
|
| 245 | 1 | 0 |
_aEl imaginativo mundo de los Linares _bexponentes de una noble expresión de la cultura _cVictor Inzúa Canales. |
| 260 |
_aMéxico _bEscuela Nacional de Trabajo Social, UNAM _c1987 |
||
| 300 |
_a126 p. _bil. gráficas y diagramas _c22 cm. |
||
| 500 | _aAu896 | ||
| 500 | _aIncluye dedicatoria a Ruth Lechuga | ||
| 504 | _aBibliografía: p. 125-126 | ||
| 650 | 1 | 4 |
_aLinares, Familia _xVida social y costumbres _924890 |
| 650 | 1 | 4 |
_aArtesanos _zMéxico _9426 |
| 902 | _aGRL | ||
| 942 |
_2lcc _cB |
||
| 999 |
_c9581 _d9581 |
||